[Event "EU-ch 2nd"]
[Site "Ohrid"]
[Date "2001.06.11"]
[Round "10"]
[White "Nisipeanu, Liviu Dieter"]
[Black "Galego, Luis"]
[Result "1/2-1/2"]
[WhiteElo "2596"]
[BlackElo "2429"]
[Annotator "Ribli,Z"]
[PlyCount "71"]
[EventDate "2001.06.01"]
[EventType "swiss"]
[EventRounds "13"]
[EventCountry "YUG"]
[SourceTitle "CBM 084"]
[Source "ChessBase"]
[SourceDate "2001.09.13"]
[SourceVersion "1"]
[SourceVersionDate "2001.09.13"]
[SourceQuality "1"]

1. e4 c5 2. Nf3 e6 3. Nc3 a6 4. d4 cxd4 5. Nxd4 Qc7 {Dieser ruhige Zug der
Dame ist ebenso gut wie das in letzter Zeit sehr populäre (und aggressive) 5...
b5.} 6. Be2 {Meiner Meinung nach ist dieser klassische Aufbau weniger geeignet
für die Paulsen-Variante.} (6. Bd3 {Dieser Läuferzug bietet Weiß m.E. mehr als
die Partiefortsetzung.}) 6... b5 7. O-O (7. f4) 7... Bb7 8. Re1 (8. Bf3 Nc6 9.
Nxc6 dxc6 10. Qe2 e5 11. a4 Nf6 $11) 8... Nc6 (8... Nf6 9. Bf3 d6 10. Bf4 e5
11. Nd5 $36) 9. Bf1 {Weiß verbessert sein Spiel aus der 7. Runde. Dort hatte
Nisipeanu 9.Bf3 gewählt, aber Schwarz kam mit mindestens gleichen Chancen aus
der Eröffnung heraus. Unsere Hauptpartie stammt aus der 10. Runde des Turniers.
} (9. Bf3 Bd6 10. g3 Nxd4 11. Qxd4 Be5 12. Qd3 Nf6 13. Bg2 Rc8 14. a3 O-O 15.
Bd2 Rfd8 $15 16. f4 Bxc3 17. Qxc3 Qd6 18. Qb4 Qxb4 19. axb4 Rxc2 20. Bc3 {
1-0 Nisipeanu,L-Rublevsky,S/Ohrid MKD 2001/(38)}) (9. Nxc6) 9... Nxd4 $5 {
[%mdl 4] Diese Fortsetzung scheint mir logischer als die Entwicklung des
Königsspringers, ist aber auch gut spielbar.} (9... Nf6 10. Nxc6 Qxc6 (10...
dxc6 11. e5 Rd8 12. Qf3 Nd5 13. Ne4 Nb4 14. Bg5 Rd7 15. Qc3 h6 16. Nd6+ Bxd6
17. exd6 Qxd6 18. Be3 Rg8 19. Bc5 Nd5 {0-1 Zelcic,R-Miezis,N/Batumi 1999/CBM
74 (37)}) 11. e5 b4 $1 12. Ne2 Nd5 13. a3 Qb6 $1 (13... bxa3 14. b3 Bb4 15. c4
Nc3 16. Nxc3 Bxc3 17. Bxa3 h5 18. Qc1 Bxa1 19. Qg5 {1-0 Ye
Jiangchuan-Vyzmanavin,A/Beijing 1991/EXT 2000 (27)}) (13... a5 14. Nd4 Qb6 $11)
14. axb4 Bxb4 15. c3 Bc5 16. Nd4 O-O 17. Qg4 f5 18. exf6 Rxf6 19. Bg5 Rf7 20.
b4 Bd6 21. Bd3 Raf8 22. Qh4 h6 23. Ra2 Bf4 {0-1 Sareen,V-Vyzmanavin,A/Calcutta
1992/CBM 27 ext (30)}) 10. Qxd4 Rc8 {Wie gewöhnlich in der Paulsen-Variante
entwickelt Schwarz zuerst den Damenflügel und erst dann - in Abhängigkeit vom
weißen Aufbau - seinen Königsflügel. So kann der Ng8 nach e7 oder f6 ziehen,
und auch dem Bf8 stehen verschiedene Möglichkeiten offen. Die weiße Dame steht
in diesen Stellungen immer etwas exponiert auf d4.} 11. Be3 $6 (11. a3 $11) (
11. e5 Ne7 $11) 11... Bd6 $1 $15 {Weiß hat zwar Entwicklungsvorsprung, aber
Schwarz kontrolliert die wichtigsten Punkte. Der Läuferzug bereitet 12...Be5
vor (und natürlich hängt auch der Ph2).} (11... b4) 12. Qxg7 {Weiß muss den
Pg7 wohl oder übel nehmen.} (12. g3 Be5 $17 {[%csl Rc3,Ge5]}) (12. h3 Bh2+ 13.
Kh1 Be5 $17) 12... Bxh2+ 13. Kh1 Be5 {[%csl Gb7,Ge5][%mdl 2048] Schwarz kann
mit dem Ergebnis der Eröffnung zufrieden sein. Die weiße Dame steht
unglücklich.} 14. Qg5 h6 (14... Nf6 $15) 15. Qh4 Ne7 {[%cal Ge7g6,Gg6h4]} (
15... b4 16. Na4 (16. Nd1 Qxc2 17. Rc1 Qa4 18. Rxc8+ Bxc8 19. Bc4 $17) 16...
Qxc2 17. Nb6 $132) 16. Rad1 h5 (16... Ng6 $5 17. Qg4 b4 (17... h5 18. Qg5) 18.
Na4 Qxc2 19. Nb6 $17) 17. Bd4 Ng6 (17... b4 18. Nd5 $5 Nxd5 (18... exd5 19.
exd5 f6 (19... d6 20. Bxe5 dxe5 21. d6 Ng6 22. Qf6 Qd7 23. Rxe5+ Kf8 24. Re7
$18) 20. Bxe5 fxe5 21. d6 $18) 19. exd5 $36) 18. Qg5 (18. Bxe5 Qxe5 19. Qh3 b4
20. Nd5 Rxc2 21. Nxb4 Nf4 $17) 18... Bxd4 (18... b4 19. Nd5 exd5 20. exd5 d6
21. f4 $36) 19. Rxd4 Qc5 (19... e5 $6 20. Nd5 Bxd5 21. Rxd5 $14) (19... Rg8 20.
e5 $13) 20. Qxc5 (20. Qf6 Qe5 (20... b4 21. Nd5 exd5 22. exd5+ Kf8 23. Rf4 Bxd5
(23... Nxf4 $4 24. Qxh8#) 24. Qxg6 $13) 21. Qxe5 Nxe5 $11) 20... Rxc5 21. a4
$11 {Nach dem Damentausch ist eine ungefähr ausgeglichene Stellung entstanden
- die schwarzen Figuren stehen aktiver, aber die weiße Bauernstruktur ist
gesünder.} Bc6 (21... bxa4 22. Rxa4 $16 {[%csl Ra6]}) 22. axb5 axb5 23. Ra1 (
23. Rb4 Ke7 24. Bxb5 $2 Rb8 $19) 23... Ke7 24. Rb4 f5 $1 {Statt passiver
Verteidigung des Pb5 strebt Schwarz Gegenspiel am Königsflügel an. Er möchte
die Diagonale des Bc6 öffnen.} (24... Rb8 25. f3 $14) 25. exf5 (25. f3 fxe4 26.
fxe4 Rc8 $11) 25... Rxf5 26. f3 h4 {[%cal Rh4h3]} 27. Bd3 Rf4 (27... Rg5 $11)
28. Rxf4 Nxf4 29. Ne2 {Weiß muss vorsichtig agieren und die Figuren abtauschen.
} (29. Bxb5 $6 h3 $15 {[%csl Rh1]}) 29... Nxd3 30. cxd3 h3 (30... e5 $5) 31.
Nd4 hxg2+ 32. Kxg2 {Schwarz hat die etwas bessere Bauernstruktur, aber das
Material ist bereits weit reduziert.} Bd5 33. Nxb5 Rb8 34. Nc3 (34. Ra5 Bc6 $11
(34... Rf8 35. Nd4 Rf4 $11)) 34... Rxb2+ 35. Kg3 Bc6 36. Kf4 1/2-1/2

[Event "Steinitz Memorial-A 1st"]
[Site "Prague"]
[Date "2000.12.30"]
[Round "5"]
[White "Lanka, Zigurds"]
[Black "Santo Roman, Marc"]
[Result "0-1"]
[WhiteElo "2504"]
[BlackElo "2418"]
[Annotator "Ribli,Z"]
[PlyCount "132"]
[EventDate "2000.12.26"]
[EventType "tourn"]
[EventRounds "9"]
[EventCountry "CZE"]
[EventCategory "8"]
[SourceTitle "CBM 081"]
[Source "ChessBase"]
[SourceDate "2001.03.20"]
[SourceVersion "1"]
[SourceVersionDate "2001.03.20"]
[SourceQuality "1"]

1. e4 c5 2. Nf3 e6 3. d4 cxd4 4. Nxd4 a6 5. Nc3 Qc7 6. Bd3 {Das ist die
Hauptfortsetzung, aber es gibt noch andere Möglichkeiten.} (6. Be2) (6. g3) (6.
f4) 6... Nc6 7. Nxc6 (7. Be3) 7... dxc6 (7... bxc6) 8. O-O e5 {Weiß hat
Entwicklungsvorsprung, aber die Bauernverteilung ist symmetrisch und die
weißen Leichtfiguren - Nc3 und Bd3 - stehen nicht sehr aktiv.} 9. f4 Nf6 10.
Kh1 Bc5 {Dieser Läuferzug wirkt logischer als die Alternative 10...Bd6.} (10...
h5 $5) 11. f5 {Mit diesem Zug gewinnt Weiß Raum am Königsflügel und schließt
den Bc8 ab.} (11. fxe5 Ng4 12. Qf3 Nxe5 $11) 11... h5 {Ein für solche
Stellungen typischer Zug - Schwarz spielt später Ng4 mit taktischen Drohungen.}
(11... h6 12. a4 Rb8 13. Qf3 b5 14. Qg3 Kf8 15. Qf3 Bb7 16. Qe2 Rd8 17. Nb1 Kg8
18. Nd2 Be7 19. Nf3 Kh7 20. b3 Rhe8 {0-1 Qin Kanying-Ye Jiangchuan/Shanghai
2000/CBM 76 (38)}) 12. Qf3 (12. Bg5 Ng4 13. Qe2 Be7 14. Bd2 Bc5 15. h3 Qe7 16.
Na4 Ba7 17. b4 b5 18. Nc5 Bxc5 19. bxc5 Qxc5 20. a4 Bb7 21. Rab1 Rd8 {1-0
Tiviakov,S-Cacho Reigadas,S/Arco 1998/EXT 2000 (41)}) (12. a4 Bd7 13. Qf3 O-O-O
$13) 12... b5 13. a4 Bb7 14. Bg5 Ng4 15. Nd1 {Auchj das ist ein typisches
Manöver - Weiß kontrolliert die Felder e3 und f2 mit dem Springer, der auf c3
ein wenig passiv platziert war.} (15. axb5 axb5 16. Rxa8+ Bxa8 17. h3 Be7 {
1/2-1/2 Maki,V-Kirov,N/Thessaloniki 1984/EXT 97-B (17)}) 15... Be7 $11 16. Bxe7
$6 {Dieser Läufertausch ist aus prinzipiellen Gründen gut für Schwarz, denn
nun bekommt Schwarz starke Kontrolle über die schwarzen Felder.} (16. Bd2 $5
$11) 16... Qxe7 17. Nf2 (17. axb5 cxb5 $11) 17... Qh4 18. h3 O-O $6 {Ein
unerwartetes Bauernopfer.} (18... Nxf2+ $11) 19. Kg1 $6 {Anstelle der
Partiefortsetzung sollte Weiß besser den Bauern gewinnen.} (19. Nxg4 $1 hxg4
20. Qxg4 Qxg4 21. hxg4 f6 $14 (21... c5 22. c3 (22. axb5 axb5 23. Bxb5 Bxe4 $44
) 22... c4 23. Bc2 Rfd8 24. Rfd1 $14)) 19... Nxf2 20. Rxf2 c5 $1 21. Re1 (21.
axb5 axb5 22. Rxa8 Rxa8 $15) (21. f6 c4 22. fxg7 Kxg7 23. Be2 Bxe4 $15) 21...
c4 22. Bf1 {[%csl Rf1] Der weiße Läufer gibt ein bescheidenes Bild auf f1 ab,
sein schwarzes Gegenstück jedoch steht sehr stark auf der großen Diagonale.}
Rad8 {[%cal Gd8d1]} 23. g3 Qg5 24. h4 (24. f6 g6 $11) 24... Qh6 25. axb5 (25.
f6 g6 $11) 25... axb5 26. b3 (26. c3 Rd6 $15) 26... Rd4 $5 {Schwarz
beabsichtigt, die Türme auf der d-Linie zu verdoppeln. Dieser Zug ist
eigentlich ein Bauernopfer.} (26... cxb3 27. cxb3 b4 28. Bc4 Rd4 $15) 27. bxc4
bxc4 28. c3 Rd2 29. Bxc4 {[%mdl 1024]} Rc8 $6 {Schwarz übt positionellen Druck
am Danmenflügel aus, aber der Textzug ist trotz seines natürlichen Erscheinung
nicht gut.} (29... Rxf2 30. Qxf2 Rc8 $44) (29... Qb6 $44) 30. Ba2 $2 {Mit
diesem Zug begibt sich Weiß in eine passive Stellung.} (30. Rxd2 Qxd2 31. Rd1
Bxe4 (31... Qc2 32. Qxh5 $18) 32. Bxf7+ Kf8 33. Rxd2 Bxf3 34. Rd7 Rxc3 35. Bg6
$14) 30... Rxf2 31. Qxf2 (31. Kxf2 Qb6+ (31... Qd2+ 32. Re2 Qxc3 33. Qxh5 Qd4+
34. Kg2 Bxe4+ 35. Kh2 $11) 32. Kg2 Qa5 33. Re2 Rxc3 34. Qxh5 Bxe4+ 35. Kh2 Bd5
$11) 31... Rxc3 $15 {Die Stellung ist materiell ausgeglichen, aber aufgrund
der schwachen weißen Königsstellung hat Schwarz die etwas besseren Chancen.}
32. Kh2 Qd6 {Schwarz kontrolliert die offene c- und d-Linie, zudem ist sein
Bb7 aktiv.} 33. Re2 Qd3 {[%csl Gb7,Gc3,Gd3]} 34. Bd5 $8 (34. Qg2 Bxe4 $1 35.
Bb1 (35. Rxe4 Rc2 $19) (35. Qxe4 Qxg3+ $19) 35... Bxg2 36. Bxd3 Bf1 $19) 34...
Bxd5 35. exd5 Qxd5 $17 {Schwarz hat einen Bauern mehr, und die weiße
Bauernstruktur ist schwach.} 36. Qg2 Qxg2+ {Nach dem Damentausch gelangt
Schwarz in ein aussichtsreiches Turmendspiel, dennoch halte ich diesen Tausch
für nicht notwendig.} (36... Qd3 $5 $17) 37. Kxg2 f6 {[%mdl 4096] Gewöhnlich
sind Turmendspiele mit 4 Bauern gegen 3 Bauern Remis, aber hier haben wir
einen starken schwarzen Freibauern auf e5 und einen schwachen weißen Bauern
auf g3. Schwarz hat daher gute Gewinnchancen.} 38. Ra2 Kh7 (38... g6 $2 {
Dieser Zug wäre strategisch gut, käme hier aber noch zu früh.} 39. Ra8+ (39.
fxg6 Kg7 $17) 39... Kg7 40. Ra7+ Kh6 41. Ra6 $11) 39. Ra8 (39. Ra6 $5 {Der
Turm auf der 6. Reihe verhindert den Zug g7-g6.} Rc8 {Der Turm zieht nach f8,
um den Zug g7-g6 zu ermöglichen.} 40. Kf3 Kh6 41. Rb6 Rf8 42. Ra6 g6 43. Ke4
Kg7 44. Ra7+ Rf7 45. Ra8 Rb7 46. Ra4 Rb1 47. Ra7+ Kh6 48. Ra6 gxf5+ 49. Kxf5
Rf1+ 50. Ke4 Kg6 $17) 39... Rb3 40. Re8 Ra3 41. Kf2 Ra6 $1 {Endlich findet
Schwarz den richtigen Plan. Der Pf6 ist verteidigt - nun kann er g7-g6
durchsetzen.} 42. Kf3 g6 43. Ke4 (43. fxg6+ Kxg6 $17) 43... Kh6 (43... gxf5+ $2
44. Kxf5 $11) (43... Ra4+ 44. Kd5 gxf5 45. Ke6 f4 46. Kxf6 fxg3 47. Rxe5 Kh6
$19) 44. fxg6 Kxg6 45. Rg8+ Kf7 46. Rb8 (46. Rh8 Ra3 47. Rxh5 Rxg3 $17) 46...
Ra3 47. Rb7+ Kg6 48. Rb8 Ra4+ (48... Rxg3 $4 49. Rg8+ $18) 49. Kd5 Kf5 50. Rh8
Rd4+ 51. Kc5 Rg4 {Der weiße König steht sehr passiv auf c5, Schwarz hat
starkes Übergewicht am Königsflügel.} (51... Kg4 52. Rg8+ Kf3 53. Rf8 Kxg3 54.
Rxf6 Kxh4 (54... Rxh4 55. Rf5) 55. Rf5 Kg4 56. Rxe5 Rf4 $19) 52. Kd5 Rxg3 53.
Rxh5+ Kg4 (53... Kf4 54. Ke6 e4 $19) 54. Rh8 Rh3 55. Rh6 (55. Ke4 Rxh4 56. Rg8+
Kh5+ 57. Kf5 Rf4+ $19) 55... Kf5 56. Rh5+ Kg6 (56... Kf4 57. Ke6 e4 58. Kxf6 (
58. Rf5+ Kg4 59. Rxf6 (59. Kxf6 Rf3 $19) 59... e3 $19) 58... e3 $19) 57. Rh8
Kg7 58. Rh5 Rf3 59. Ke6 (59. Ke4 Rf4+ 60. Ke3 Kg6 61. Rh8 Ra4 $19) 59... e4 $19
{Der Ke6 steht weit ab vom Geschehen, Schwarz gewinnt daher leicht mit seinem
e-Bauern.} 60. Ra5 e3 61. Ra1 (61. Ra2 Rf2 $19) 61... e2 62. Rg1+ Kh6 63. Re1
Rf2 64. Kd5 f5 {Das ist ein gutes Beispiel dafür, wie verbundene Freibauern im
Turmendspiel von selbst - ohne Hilfe des Königs - den Gewinn herbeiführen.} 65.
Ke5 Kh5 (65... f4 $19) 66. Kd4 f4 0-1

[Event "RUS-chT 07th"]
[Site "Smolensk"]
[Date "2000.04.22"]
[Round "8"]
[White "Svidler, Peter"]
[Black "Rublevsky, Sergei"]
[Result "1-0"]
[WhiteElo "2672"]
[BlackElo "2662"]
[Annotator "Ribli,Z"]
[PlyCount "69"]
[EventDate "2000.04.15"]
[EventType "team-tourn"]
[EventRounds "11"]
[EventCountry "RUS"]
[SourceTitle "CBM 077"]
[Source "ChessBase"]
[SourceDate "2000.07.27"]
[SourceVersion "1"]
[SourceVersionDate "2000.07.27"]
[SourceQuality "1"]
[WhiteTeam "Sankt Petersburg Chess Federation"]
[BlackTeam "Tomsk 400"]
[WhiteTeamCountry "RUS"]
[BlackTeamCountry "RUS"]

1. e4 c5 2. Nf3 e6 3. d4 cxd4 4. Nxd4 a6 {Großmeister Rublevsky spielt sehr
gerne die Paulsen-Variante.} 5. Nc3 Qc7 6. Be2 b5 (6... Nf6) (6... Bb4) 7. O-O
Bb7 8. Re1 {Der Turm steht - auf den ersten Blick - recht genügsam auf e1,
aber in einigen Varianten muss Schwarz das taktische Motiv Nd5 beachten.} Nc6 (
8... d6 9. Bf3 Nd7 10. a4 bxa4 (10... b4) 11. Rxa4 $14 Ngf6 12. g3 Be7 13. Nb3
Nb6 14. Rd4 Nc4 15. Rxc4 Qxc4 16. e5 Bxf3 17. Qxf3 O-O 18. exf6 Bxf6 19. Nd2 {
1-0 Svidler,P-Stangl,M/Frankfurt 1999/EXT 2000 (39)}) (8... Nf6 9. Bf3 d6 10.
Bf4 e5 11. Nd5 $36) 9. Nxc6 (9. Bf1 Nf6 10. Nxc6 Qxc6 11. e5 b4 12. Ne2 Nd5 13.
a3 Qb6 $1 14. axb4 Bxb4 15. c3 Bc5 16. Nd4 O-O 17. Qg4 f5 18. exf6 Rxf6 19. Bg5
Rf7 20. b4 Bd6 21. Bd3 Raf8 22. Qh4 h6 23. Ra2 Bf4 $1 $19 {Sareen,V-Vyzmanavin,
A/Calcutta/1992/EXP27/}) 9... dxc6 (9... Bxc6 $5) 10. e5 Rd8 (10... c5 $2 11.
Bf3 Ne7 12. Bxb7 Qxb7 13. a4 Rd8 14. Qh5 Nf5 15. axb5 axb5 16. Bg5 Be7 17. Bxe7
Qxe7 18. Nxb5 O-O 19. Na3 Rd4 20. c3 Ra4 21. Qe2 Qg5 22. Nc4 $16 {Khalifman,
A-Eingorn,V/Leningrad/1990/CBM21/}) (10... Bb4 $5 11. Bd3 Ne7 12. Qg4 Bxc3 13.
bxc3 c5 14. a4 (14. Bg5 $5) 14... c4 15. Be4 O-O 16. Ba3 Rfe8 17. Bd6 Qd7 18.
Bxe7 Qxe7 19. Qf3 Rab8 20. axb5 axb5 21. Red1 Bxe4 22. Qxe4 Red8 $10 {Wang,
P-Cramling,P/Jakarta-IZT/1993/ Ribli. CBM 52}) (10... Ne7 11. Bd3 O-O-O 12. a4
(12. Qh5 $5) 12... c5 13. axb5 c4 14. bxa6 Bc6 15. Nb5 Bxb5 16. a7 Kb7 17. Be4+
Bc6 18. Qd4 Bxe4 19. Qxe4+ Qc6 20. Bg5 $13 {Marciano,D-Korneev,O/Ubeda op/1996/
EXP51/}) 11. Bd3 c5 (11... Ne7 12. Bg5 $5 (12. Qh5 c5 13. Bg5 g6 14. Qh4 Rd4
15. Ne4 Bxe4 16. Bxe4 Nf5 17. Qh3 Be7 18. Bxe7 Qxe7 19. c3 Rd2 20. Bxf5 gxf5
21. Qh6 Qd7 22. a4 bxa4 23. Rxa4 {1/2-1/2 Moreno,J-Kazhgaleyev,M/Ubeda 1999/
CBM 68 ext (31)}) 12... h6 13. Qh5 Rd7 14. a4 b4 15. Ne4 Ng6 16. Nd6+ Bxd6 17.
exd6 Rxd6 18. Bxg6 fxg6 19. Qh4 {1/2-1/2 Kamsky,G-Lutz,C/Dortmund 1993/CBM 35 
(35)}) 12. Qh5 {Wir haben eine sehr scharfe Stellung vor uns. Weiß hat
Raumvorteil und gute Angriffschancen. Die schwarze Stellung hingegen hat keine
Schwachpunkte, und wenn Weiß nichts Konkretes erreicht, bekommt Schwarz am
Ende die bessere Stellung.} (12. Bg5 Be7 13. Qh5 Bxg5 14. Qxg5 Ne7 15. a4 h6
16. Qg4 b4 17. Nd1 Rd4 {0-1 Zelcic,R-Eingorn,V/Metz 1998/EXT 99 (31)}) (12. Qg4
Rd4 13. Be4 $1 b4 $4 (13... Bxe4 $5) 14. Qf3 $1 $18 Bxe4 15. Nxe4 Qxe5 16. c3
$1 Rd5 17. Nf6+ $1 {1-0 Bezgodov,A-Pugachov,A/Petropavlovsk 75/(164) 1999/Inf
75/[Bezgodov,A] (17)}) (12. Qe2) 12... c4 (12... g6 13. Qh3 Bg7 14. Bg5 Ne7 15.
Bf6 O-O 16. Qh4 Rd4 17. f4 Nf5 18. Bxf5 exf5 19. Be7 Re8 20. Bd6 Qc6 21. Qg3
Rxf4 22. h3 Rd4 23. Rad1 Rxd1 24. Nxd1 Re6 25. Nf2 c4 {0-1 Midoux,S-Eingorn,V/
Metz FRA 2000/The Week in Chess 285 (25)}) (12... Ne7 13. Bg5 Rd7 14. Rad1 Nc6
15. Be4 Nd4 16. Bxb7 Qxb7 17. Rd2 h6 18. Ne4 Nf5 {1/2-1/2 Kuczynski,R-Lau,R/
Polanica Zdroj 1991/CBM 26/[Blatny,P] (24)}) 13. Be4 Bb4 (13... Bxe4 $6 14.
Nxe4 $40) 14. Qg4 $5 Ne7 (14... g6 $6 15. Bxb7 Qxb7 16. a4 $36) 15. Qxg7 $5 {
Weiß hat keine Angst vor unklaren Verwicklungen und nimmt den Bauern.} (15. Bg5
h5 16. Qg3 Bxc3 17. bxc3 Bxe4 18. Rxe4 Nf5 19. Bxd8 Nxg3 20. Bxc7 Nxe4 21. Rd1
Ke7 22. Ba5 Rc8 23. f3 Nc5 24. Rd6 g5 25. Bb4 Ke8 {1/2-1/2 Polzin,R-Mortensen,
E/Luebeck GER 2000 (41)}) 15... Rg8 16. Qxh7 Bxc3 (16... Bxe4 17. Qxe4 $16) 17.
bxc3 Qxe5 18. Bf4 $1 (18. Ba3 Rh8 19. Bxb7 Qxe1+ 20. Rxe1 Rxh7 21. Bxa6 Rh5 $13
) (18. Bc6+ $4 Bxc6 19. Rxe5 Rd1+) 18... Qxf4 19. Bxb7 $14 {Weiß hat einen
Bauern mehr, aber die Stellung ist nicht klar - Schwarz hat aktives
Figurenspiel.} Rd2 {[%csl Gd2,Gf4]} 20. Rf1 (20. Bf3 Rg6 {Droht 21...Qxf3 und
nach 22.Qxg6 kommt 22...Qxf2+.} 21. Qh8+ Rg8) 20... Rg6 21. g3 {Jetzt droht 22.
Qxg6 mit Gewinn.} (21. Qh8+ Rg8 22. Qh7 $11) (21. Bxa6 Rxg2+ 22. Kxg2 Qg4+ 23.
Kh1 Qf3+ $11) 21... Qf5 (21... Qc7 22. Be4 $14) 22. Qh8+ Rg8 (22... Kd7 $2 23.
Rad1 Qxc2 24. Rxd2+ Qxd2 25. Bxa6 Qd5 26. Qb8 $18) 23. Qh6 Rxc2 24. a4 $1 {
[%mdl 128] Der schwarze König steht unsicher in der Mitte, daher öffnet Weiß
die Stellung.} Rxc3 25. Bxa6 bxa4 (25... b4 26. Bb5+ Kd8 27. Qh4 Qc5 (27... Rg4
28. Rfd1+ Rd3 29. Rxd3+ cxd3 30. Qh8+ Ng8 31. h3 Rg6 32. Qd4+ $18) 28. Rfd1+
Kc8 29. Qd4 $16 {[%csl Rc4] Auf diese Weise gewinnt Weiß den Pc4.}) 26. Rxa4 {
Die Stellung ist nur materiell ausgeglichen. Der Pc4 ist schwach, und während
der weiße König vollkommen in Sicherheit ist, findet der schwarze König keine
Ruhe.} Qc5 (26... Qd5 27. Qf4 $16) 27. Rd1 $16 {[%cal Gd1d8]} Ng6 (27... Nd5 $2
28. Bb5+ Qxb5 29. Ra8+ $18) 28. Qh7 Rf8 (28... Rh8 29. Bb5+ Qxb5 30. Ra8+ Ke7
31. Ra7+ $18) 29. Qg7 Rf3 30. Qb2 Ne5 (30... Rb3 31. Qc2 $16) (30... Rd3 31.
Rxd3 cxd3 32. Bxd3 $16) {[#]} 31. Rxc4 $1 {[%mdl 64]} (31. Qb7 $2 {[%cal Ra6b5,
Rb5e8] Es scheint, dass dieser Zug sofort gewinnt, aber Schwarz bekommt hier
unerwartetes Gegenspiel.} Qxf2+ 32. Kh1 Rd3 33. Bb5+ Nd7 34. Bxd7+ (34. Raa1
Rh8 {Das ist nur eine Zugumstellung.}) 34... Ke7 35. Bc6+ Kf6 36. Raa1 (36.
Rda1 Rh8 37. Bg2 Rxh2+ $11) 36... Rh8 37. Bg2 Rxh2+ 38. Kxh2 Qxg3+ 39. Kh1 (39.
Kg1 Qe3+ $11) 39... Qh4+ 40. Kg1 Qd4+ $11) 31... Nxc4 32. Qb8+ Ke7 33. Qb7+ {
[%cal Rb7e7,Rb7f3]} Kf6 34. Qxf3+ Ke7 35. Rc1 $18 {[%csl Rc4]} (35. Rc1 Qd5 (
35... Ne5 36. Qb7+ $18) 36. Qxd5 exd5 37. Bxc4 dxc4 (37... Rc8 38. Re1+ $18)
38. Rxc4 $18) 1-0